[Event "Wroclaw Anderssen Memorial"]
[Site "Wroclaw"]
[Date "2022.07.30"]
[Round "2"]
[White "Cyborowski, Lukasz"]
[Black "Ochman, Sebastian"]
[Result "1-0"]
[WhiteElo "2483"]
[BlackElo "1825"]
[PlyCount "41"]
[EventDate "2022.07.30"]
[EventType "swiss (rapid)"]
[EventRounds "9"]
[EventCountry "POL"]
[SourceTitle "CBM 209 Extra"]
[Source "ChessBase"]
[SourceDate "2022.09.30"]
[SourceVersion "1"]
[SourceVersionDate "2022.09.30"]
[SourceQuality "1"]

1. d4 d5 2. Nf3 c6 3. c4 e6 4. Qc2 Nf6 5. Nbd2 Nbd7 6. e4 dxe4 7. Nxe4 Be7 8. Bd3 0-0 9. 0-0 h6 10. Nxf6+ Bxf6 11. Qe2 Re8 12. Qe4 Nf8 13. Bf4 Ng6 14. Bg3 h5 15. h4 c5 16. dxc5 Bxb2 17. Rab1 Bc3 18. Rfd1 f5 19. Qe2 Qf6 20. Ng5 e5 21. Qxh5 1-0

[Event "Wroclaw Anderssen Memorial"]
[Site "Wroclaw"]
[Date "2022.07.30"]
[Round "6"]
[White "Rzewnicki, Pawel"]
[Black "Ochman, Sebastian"]
[Result "0-1"]
[WhiteElo "1547"]
[BlackElo "1825"]
[PlyCount "64"]
[EventDate "2022.07.30"]
[EventType "swiss (rapid)"]
[EventRounds "9"]
[EventCountry "POL"]
[SourceTitle "CBM 209 Extra"]
[Source "ChessBase"]
[SourceDate "2022.09.30"]
[SourceVersion "1"]
[SourceVersionDate "2022.09.30"]
[SourceQuality "1"]

1. d4 d5 2. Bf4 Nf6 3. e3 c5 4. Nf3 Nc6 5. Nbd2 Qb6 6. dxc5 Qxb2 7. Rb1 Qc3 8. Bb5 Bd7 9. 0-0 e6 10. Ba4 Qxc5 11. Rxb7 Bd6 12. Bxd6 Qxd6 13. Nc4 Qc5 14. Rxd7 Nxd7 15. Nce5 Ndxe5 16. Nxe5 Rc8 17. c4 0-0 18. Bxc6 dxc4 19. Nd7 Qxc6 20. Nxf8 Kxf8 21. Qc2 Kg8 22. Qc3 h6 23. Rc1 Qa4 24. a3 Rd8 25. h3 Rd1+ 26. Rxd1 Qxd1+ 27. Kh2 Qd3 28. Qc1 c3 29. Kg3 Qd2 30. Qb1 c2 31. Qb7 Qd6+ 32. Kf3 Qd5+ 0-1

[Event "Wroclaw Anderssen Memorial"]
[Site "Wroclaw"]
[Date "2022.07.30"]
[Round "4"]
[White "Slawinski, Marcin"]
[Black "Ochman, Sebastian"]
[Result "0-1"]
[WhiteElo "1203"]
[BlackElo "1825"]
[PlyCount "106"]
[EventDate "2022.07.30"]
[EventType "swiss (rapid)"]
[EventRounds "9"]
[EventCountry "POL"]
[SourceTitle "CBM 209 Extra"]
[Source "ChessBase"]
[SourceDate "2022.09.30"]
[SourceVersion "1"]
[SourceVersionDate "2022.09.30"]
[SourceQuality "1"]

1. e4 c5 2. d4 cxd4 3. c3 d5 4. e5 dxc3 5. Nxc3 e6 6. Nf3 Nc6 7. Be2 Nge7 8. Bg5 Qb6 9. Na4 Qc7 10. Rc1 Ng6 11. 0-0 Ngxe5 12. Re1 Bd6 13. Nxe5 Bxe5 14. h3 0-0 15. Bd3 Bh2+ 16. Kh1 Bf4 17. Qg4 e5 18. Qh4 h6 19. Bxf4 exf4 20. Nc3 Qd6 21. Nb5 Qb8 22. Nc3 Be6 23. Ne2 Ne5 24. Nxf4 Nxd3 25. Nxd3 Qd6 26. Nf4 Rac8 27. Nh5 Rxc1 28. Rxc1 Qe5 29. f4 Qxb2 30. Rf1 Bf5 31. Qg3 Re8 32. Rf2 Qa1+ 33. Kh2 Re1 34. Qb3 Bg6 35. Ng3 Re7 36. Qxd5 Qe1 37. Qc5 b6 38. Qd4 f6 39. Qd8+ Kh7 40. Qd4 Qe3 41. Qb2 h5 42. f5 Bf7 43. Re2 Qc5 44. a3 Rc7 45. a4 h4 46. Nf1 Qxf5 47. Rf2 Qc5 48. Qe2 Bc4 49. Qe1 Bxf1 50. Qxf1 Qe5+ 51. Kh1 Qe3 52. Qe2 Rc1+ 53. Kh2 Qg3# 0-1

[Event "Wroclaw op"]
[Site "Wroclaw"]
[Date "2019.08.10"]
[Round "8"]
[White "Luberanski, Jakub"]
[Black "Ochman, Sebastian"]
[Result "1/2-1/2"]
[WhiteElo "1996"]
[BlackElo "1789"]
[PlyCount "120"]
[EventDate "2019.08.05"]
[EventType "swiss"]
[EventRounds "9"]
[EventCountry "POL"]
[SourceTitle "CBM 191 Extra"]
[Source "ChessBase"]
[SourceDate "2019.09.30"]
[SourceVersion "1"]
[SourceVersionDate "2019.09.30"]
[SourceQuality "1"]

1. d4 d5 2. c4 c6 3. Nf3 e6 4. Nc3 dxc4 5. a4 Bb4 6. e4 b5 7. Bd2 a5 8. axb5 Bxc3 9. bxc3 cxb5 10. Be2 Nc6 11. e5 h6 12. Qc2 Nge7 13. h4 Ba6 14. 0-0 0-0 15. h5 b4 16. cxb4 axb4 17. Bxc4 Bxc4 18. Qxc4 Rxa1 19. Rxa1 Qd5 20. Qxd5 Nxd5 21. Kf1 Rc8 22. Rc1 Kf8 23. Ke2 Ke8 24. Kd3 Kd7 25. g4 Ra8 26. g5 Ra3+ 27. Ke4 f5+ 28. gxf6 gxf6 29. Nh4 Rh3 30. Nf5 Rxh5 31. Ng7 Rh4+ 32. f4 Nce7 33. exf6 Nxf6+ 34. Ke5 Ng4+ 35. Ke4 Nd5 36. Nxe6 Kxe6 37. Rc6+ Kd7 38. Kxd5 Rh5+ 39. f5 Rxf5+ 40. Ke4 Kxc6 41. Kxf5 b3 42. d5+ Kxd5 43. Bc3 Kc4 44. Ba1 Ne3+ 45. Kg6 Nc2 46. Bb2 Kd3 47. Kxh6 Nb4 48. Kg5 Kc2 49. Ba1 Na2 50. Kg4 Kb1 51. Bg7 Kc1 52. Ba1 Kb1 53. Bg7 Kc2 54. Ba1 Kd2 55. Kh3 Nb4 56. Kh2 Kc1 57. Kh1 Nc2 58. Bg7 Ne3 59. Ba1 b2 60. Bxb2+ Kxb2 1/2-1/2

[Event "POL-ch U16"]
[Site "Karpacz"]
[Date "2010.03.11"]
[Round "8"]
[White "Kanarkiewicz, Michal"]
[Black "Ochman, Sebastian"]
[Result "1-0"]
[WhiteElo "1899"]
[BlackElo "1716"]
[PlyCount "119"]
[EventDate "2010.03.06"]
[EventType "swiss"]
[EventRounds "11"]
[EventCountry "POL"]
[SourceTitle "CBM 135 Extra"]
[Source "ChessBase"]
[SourceDate "2010.05.04"]
[SourceVersion "1"]
[SourceVersionDate "2010.05.04"]
[SourceQuality "1"]

1. e4 e5 2. Nf3 Nc6 3. Bb5 a6 4. Ba4 Nf6 5. 0-0 Be7 6. Re1 b5 7. Bb3 0-0 8. a4 Bb7 9. d3 d6 10. c3 Qd7 11. Nbd2 Rfe8 12. Nf1 Nd8 13. Ng3 g6 14. Bg5 c5 15. d4 exd4 16. cxd4 c4 17. Bc2 Ne6 18. Bd2 Bf8 19. Bc3 Bg7 20. Qd2 Qc7 21. h3 d5 22. e5 Nd7 23. Nh2 Nb8 24. Ng4 Nc6 25. Ne2 Qe7 26. b4 Red8 27. Rab1 Rab8 28. f4 h5 29. Nh2 Bh6 30. Rf1 f5 31. exf6 Qxf6 32. Qe3 Ng7 33. Nf3 Bc8 34. axb5 axb5 35. Ne5 Bf5 36. Bxf5 Nxf5 37. Qf2 Ra8 38. Ra1 Bf8 39. Rxa8 Rxa8 40. Qf3 Qe6 41. g4 hxg4 42. hxg4 Nxe5 43. dxe5 Ng7 44. f5 gxf5 45. gxf5 Nxf5 46. Qxf5 Qxf5 47. Rxf5 Ra7 48. Kf2 Rf7 49. Rxf7 Kxf7 50. Nd4 Bg7 51. Nxb5 Bf8 52. Ke3 Ke7 53. Kd4 Kd7 54. Kxd5 Be7 55. e6+ Ke8 56. Kxc4 Kd8 57. Kd5 Ke8 58. Na7 Bd8 59. Nc6 Bh4 60. b5 1-0

[Event "POL-ch U16"]
[Site "Karpacz"]
[Date "2010.03.08"]
[Round "3"]
[White "Reza, Wojciech"]
[Black "Ochman, Sebastian"]
[Result "1-0"]
[WhiteElo "1940"]
[BlackElo "1716"]
[PlyCount "55"]
[EventDate "2010.03.06"]
[EventType "swiss"]
[EventRounds "11"]
[EventCountry "POL"]
[SourceTitle "CBM 135 Extra"]
[Source "ChessBase"]
[SourceDate "2010.05.04"]
[SourceVersion "1"]
[SourceVersionDate "2010.05.04"]
[SourceQuality "1"]

1. d4 d5 2. c4 e6 3. g3 c6 4. Qc2 Bd6 5. Nf3 Ne7 6. Bg2 0-0 7. 0-0 Nd7 8. e4 dxe4 9. Qxe4 c5 10. Rd1 Qc7 11. Nc3 a6 12. Qe2 cxd4 13. Nxd4 Bc5 14. Ne4 Bxd4 15. Rxd4 e5 16. Rd1 Nb6 17. b3 Nc6 18. Ba3 Nd4 19. Rxd4 exd4 20. Bxf8 Kxf8 21. Rd1 Qe5 22. Qd2 Bg4 23. f3 Bf5 24. Qb4+ Kg8 25. Qxb6 Bxe4 26. fxe4 d3 27. Rxd3 Qa1+ 28. Bf1 1-0

[Event "POL-ch U16"]
[Site "Karpacz"]
[Date "2010.03.07"]
[Round "2"]
[White "Ochman, Sebastian"]
[Black "Wandzik, Wojciech"]
[Result "0-1"]
[WhiteElo "1716"]
[BlackElo "2119"]
[PlyCount "120"]
[EventDate "2010.03.06"]
[EventType "swiss"]
[EventRounds "11"]
[EventCountry "POL"]
[SourceTitle "CBM 135 Extra"]
[Source "ChessBase"]
[SourceDate "2010.05.04"]
[SourceVersion "1"]
[SourceVersionDate "2010.05.04"]
[SourceQuality "1"]

1. d4 Nf6 2. c4 e6 3. Nf3 d5 4. Nc3 Bb4 5. Bg5 h6 6. Bxf6 Qxf6 7. e3 0-0 8. Qc2 c5 9. a3 Bxc3+ 10. bxc3 Nc6 11. Bd3 Bd7 12. 0-0 Rac8 13. Qe2 Rc7 14. Rfe1 dxc4 15. Bxc4 cxd4 16. cxd4 Rfc8 17. Bb5 Nb8 18. a4 a6 19. Bxd7 Nxd7 20. Qf1 e5 21. Rec1 Rc2 22. dxe5 Nxe5 23. Nd4 R2c5 24. Nb3 R5c7 25. Rxc7 Rxc7 26. Rc1 Qd6 27. Rxc7 Qxc7 28. Qc1 Qd7 29. h3 b6 30. Qd2 Qxd2 31. Nxd2 Kf8 32. Kf1 Ke7 33. Ke2 Kd6 34. f4 Nd7 35. Nb3 Nc5 36. Nxc5 Kxc5 37. Kd3 Kb4 38. Kd4 Kxa4 39. e4 b5 40. e5 b4 41. f5 Kb5 42. Kd5 Kb6 43. Kd6 b3 44. e6 fxe6 45. fxe6 b2 46. e7 b1Q 47. e8Q Qd3+ 48. Ke7 Qe4+ 49. Kd7 Qxe8+ 50. Kxe8 a5 51. Kf7 a4 52. Kxg7 a3 53. g4 a2 54. h4 a1Q+ 55. Kxh6 Qh8+ 56. Kg5 Kc6 57. h5 Kd6 58. Kg6 Ke6 59. g5 Qg8+ 60. Kh6 Kf5 0-1